| 000 | 00000nam##2200000za#4500 |
| 001 | 9.571026 |
| 003 | CaOODSP |
| 005 | 20210624182525 |
| 007 | cr ||||||||||| |
| 008 | 150406|2002||||xxc|||||o f|0| 0 eng|d |
| 040 | |aCaOODSP|beng |
| 043 | |an-cn--- |
| 086 | 1 |aYC33-0/372-2E-PDF |
| 110 | 1 |aCanada. |bParliament. |bSenate. |bStanding Committee on National Security and Defence. |
| 245 | 10|aFor an extra $130 bucks-- : |h[electronic resource]|bupdate on Canada's military financial crisis, a view from the bottom up / |cThe Honourable Colin Kenny, chair ; the Honourable J. Michael Forrestall, deputy chair. |
| 246 | 3 |aReport of the Standing Senate Committee on National Security and Defence |
| 260 | |aOttawa - Ontario : |bSenate. |cNovember 2002. |
| 300 | |a169p.|btables, photographs |
| 490 | 1 |aReport of the Standing Senate Committee on National Security and Defence|v37th Parliament, 2nd Session, [2nd report] |
| 590 | |a11-12-Supp|b2011-07-29 |
| 775 | 08|tPour 130 dollars de plus-- : |w(CaOODSP)9.601669 |
| 830 | #0|aReport of the Standing Senate Committee on National Security and Defence ;|v37th Parliament, 2nd Session, [2nd report]|w(CaOODSP)9.505249 |
| 856 | 40|ahttp://publications.gc.ca|qPDF|s1.41 MB|uhttps://publications.gc.ca/collections/collection_2011/sen/yc33-0/YC33-0-372-2-eng.pdf|y37th Parliament, 2nd Session, [2nd report] |